[Event "CFriend AC-2005-Q-00008 email"]
[Site "Chessfriend.com"]
[Date "2005.07.22"]
[Round "1"]
[White "Azevedo Pessoa, Francisco"]
[Black "Koch, Christian"]
[Result "1/2-1/2"]
[WhiteElo "2338"]
[BlackElo "2239"]
[PlyCount "133"]
[EventDate "2005.??.??"]
[EventType "tourn (corr)"]
[EventRounds "6"]
[SourceTitle "Corr 2024"]
[Source "ChessBase"]
[SourceDate "2023.10.19"]
[SourceVersion "1"]
[SourceVersionDate "2023.10.19"]
[SourceQuality "1"]

1. e4 Nf6 2. e5 Nd5 3. d4 d6 4. Nf3 Bg4 5. Be2 e6 6. c4 Nb6 7. exd6 cxd6 8. h3 Bxf3 9. Bxf3 Nc6 10. d5 Ne5 11. dxe6 fxe6 12. Bxb7 Rb8 13. Ba6 Be7 14. Qh5+ g6 15. Qe2 0-0 16. 0-0 Na4 17. Bb5 Nc5 18. Be3 Qc7 19. Bxc5 Qxc5 20. Nc3 Kg7 21. Rad1 Rf4 22. Ne4 Qb6 23. b4 Nf7 24. a3 Rd8 25. Rfe1 Rf5 26. Qe3 d5 27. Qxb6 axb6 28. Ng3 Re5 29. Ne2 Nd6 30. Nd4 Rxe1+ 31. Rxe1 Kf7 32. Nxe6 Rb8 33. Bc6 dxc4 34. Bd5 Rc8 35. Ng5+ Ke8 36. Nxh7 c3 37. Bb3 Kd8 38. Rd1 Kc7 39. Bc2 Nb5 40. Ba4 Nd6 41. Re1 Kd8 42. Bc2 Nb5 43. Ra1 Rc6 44. Kf1 Rd6 45. Ba4 Nd4 46. Rc1 b5 47. Bc2 Ra6 48. Rd1 Rd6 49. Be4 c2 50. Rc1 Nb3 51. Rxc2 Nd2+ 52. Rxd2 Rxd2 53. Bxg6 Ra2 54. Bd3 Ra1+ 55. Ke2 Ra2+ 56. Ke3 Rxa3 57. f4 Bxb4 58. Ke4 Bd6 59. Bxb5 Rb3 60. Bc6 Rb4+ 61. Kf5 Rxf4+ 62. Kg6 Be7 63. Bf3 Ra4 64. Ng5 Kd7 65. Kh5 Kd6 66. Nf7+ Kd7 67. Ne5+ 1/2-1/2

[Event "CFriend AR-2004-F-00002 email"]
[Site "Chessfriend.com"]
[Date "2005.07.08"]
[Round "1"]
[White "Kasperek, Ryszard"]
[Black "Azevedo Pessoa, Francisco"]
[Result "1-0"]
[WhiteElo "2496"]
[BlackElo "2338"]
[PlyCount "115"]
[EventDate "2005.??.??"]
[EventType "tourn (corr)"]
[EventRounds "6"]
[SourceTitle "Corr 2024"]
[Source "ChessBase"]
[SourceDate "2023.10.19"]
[SourceVersion "1"]
[SourceVersionDate "2023.10.19"]
[SourceQuality "1"]

1. e4 e5 2. Nf3 Nc6 3. Bb5 a6 4. Ba4 Nf6 5. 0-0 Be7 6. Re1 b5 7. Bb3 0-0 8. c3 d5 9. exd5 Nxd5 10. Nxe5 Nxe5 11. Rxe5 c6 12. d3 Bd6 13. Re1 Qh4 14. g3 Qh3 15. Re4 Qf5 16. Nd2 Qg6 17. Re1 Bf5 18. Ne4 Be7 19. Bd2 Rfe8 20. a4 b4 21. a5 Rad8 22. Bc4 Be6 23. cxb4 Nxb4 24. Bxe6 fxe6 25. Bxb4 Bxb4 26. Re3 Qf5 27. Qa4 Qb5 28. Qb3 Rd5 29. Nc3 Bxc3 30. Qxb5 cxb5 31. bxc3 Kf7 32. Rae1 Rd6 33. d4 Rc8 34. Rf3+ Ke7 35. Re4 h6 36. h4 g5 37. Kg2 Rc4 38. Rg4 Rd5 39. hxg5 hxg5 40. Re3 Ra4 41. Rge4 Rd6 42. Re5 g4 43. Rg5 Rxa5 44. Rg7+ Kd8 45. Rxg4 b4 46. cxb4 Rb5 47. Rg6 Kd7 48. Rg7+ Kc6 49. Re7 Rxb4 50. R7xe6 Rbxd4 51. Rxd6+ Rxd6 52. f4 a5 53. g4 Rg6 54. Kg3 Rg8 55. f5 a4 56. f6 Kd7 57. Re7+ Kd6 58. Kf4 1-0

[Event "CFriend AR-2004-F-00002 email"]
[Site "Chessfriend.com"]
[Date "2005.07.08"]
[Round "1"]
[White "Minchev, Valentin"]
[Black "Azevedo Pessoa, Francisco"]
[Result "1/2-1/2"]
[WhiteElo "2418"]
[BlackElo "2338"]
[PlyCount "169"]
[EventDate "2005.??.??"]
[EventType "tourn (corr)"]
[EventRounds "6"]
[SourceTitle "Corr 2024"]
[Source "ChessBase"]
[SourceDate "2023.10.19"]
[SourceVersion "1"]
[SourceVersionDate "2023.10.19"]
[SourceQuality "1"]

1. e4 e5 2. Nf3 Nc6 3. Bb5 a6 4. Ba4 Nf6 5. 0-0 Be7 6. Re1 b5 7. Bb3 0-0 8. c3 d5 9. exd5 Nxd5 10. Nxe5 Nxe5 11. Rxe5 c6 12. d4 Bd6 13. Re1 Qh4 14. g3 Qh3 15. Be3 Bg4 16. Qd3 Rae8 17. Nd2 Re6 18. a4 Qh5 19. axb5 axb5 20. Nf1 Rfe8 21. Bd1 Bxd1 22. Qxd1 Qf5 23. Ra6 Bf8 24. Qa1 h5 25. Ra8 Rxa8 26. Qxa8 h4 27. Qa1 h3 28. Qd1 Ba3 29. g4 Rg6 30. Ng3 Rxg4 31. f3 Rxg3+ 32. hxg3 Bxb2 33. Bd2 Nxc3 34. Re8+ Kh7 35. Qf1 Qd7 36. Qd3+ f5 37. Re1 Na4 38. Kh1 Nb6 39. Bc3 Bxc3 40. Qxc3 Nd5 41. Qc5 b4 42. Kh2 b3 43. Qc4 f4 44. g4 Ne3 45. Qd3+ Kh8 46. Ra1 Qb7 47. Ra3 c5 48. Rxb3 Nxg4+ 49. Kxh3 Nf2+ 50. Kg2 Nxd3 51. Rxb7 cxd4 52. Rb5 Kh7 53. Rd5 Ne1+ 54. Kf2 Nc2 55. Rf5 g6 56. Rxf4 g5 57. Rg4 Kg6 58. f4 Kf5 59. fxg5 Kg6 60. Ke2 Ne3 61. Rxd4 Nf5 62. Rg4 Ne7 63. Kf3 Kf5 64. Rg3 Ng6 65. Ke3 Ne5 66. Kd4 Ng6 67. Kd5 Nf4+ 68. Kd6 Ng6 69. Rg1 Nh8 70. Kd5 Ng6 71. Kd4 Nf4 72. Ke3 Nd5+ 73. Kf3 Ne7 74. Rg3 Ng6 75. Ke3 Ne5 76. Kd4 Ng6 77. Kd5 Nf4+ 78. Kd6 Ng6 79. Rg1 Nh8 80. Ke7 Kg6 81. Ke6 Nf7 82. Rg3 Nxg5+ 83. Ke5 Kh6 84. Kf5 Nh7 85. Rg1 1/2-1/2

[Event "CFriend AR-2004-F-00002 email"]
[Site "Chessfriend.com"]
[Date "2005.07.08"]
[Round "1"]
[White "Quizielvu, Massimo"]
[Black "Azevedo Pessoa, Francisco"]
[Result "0-1"]
[WhiteElo "2174"]
[BlackElo "2338"]
[PlyCount "106"]
[EventDate "2005.??.??"]
[EventType "tourn (corr)"]
[EventRounds "6"]
[SourceTitle "Corr 2024"]
[Source "ChessBase"]
[SourceDate "2023.10.19"]
[SourceVersion "1"]
[SourceVersionDate "2023.10.19"]
[SourceQuality "1"]

1. e4 e5 2. Nf3 Nc6 3. Bb5 a6 4. Ba4 Nf6 5. d3 b5 6. Bb3 Be7 7. 0-0 0-0 8. Re1 d6 9. c3 Na5 10. Bc2 c5 11. Nbd2 Nc6 12. Nf1 d5 13. exd5 Qxd5 14. Bb3 Qd6 15. Qe2 Ra7 16. a4 b4 17. Ng3 Rd8 18. Bg5 h6 19. Bxf6 Qxf6 20. Qe3 Qf4 21. a5 Qxe3 22. Rxe3 Rc7 23. Bc4 g6 24. cxb4 Nxb4 25. Nxe5 Bd6 26. Rd1 Kg7 27. Nf3 f5 28. Re2 Bb7 29. Nh4 Be7 30. Ngxf5+ gxf5 31. Nxf5+ Kf8 32. Nxh6 Bf6 33. Nf5 Bc8 34. Ng3 Nc6 35. Ne4 Nxa5 36. Bxa6 Bxa6 37. Nxf6 Bxd3 38. f4 Rd4 39. Red2 c4 40. Re1 Re7 41. Rxe7 Kxe7 42. Nh5 Nb3 43. Rf2 Bg6 44. Ng3 Nc5 45. f5 Bf7 46. Ne2 Rd1+ 47. Rf1 Rd2 48. Nc3 Rxb2 49. g4 Rc2 50. f6+ Kf8 51. Nd1 c3 52. h4 Nd3 53. g5 Nf4 0-1

[Event "CFriend AM-2004-0-00015 email"]
[Site "Chessfriend.com"]
[Date "2005.02.07"]
[Round "1"]
[White "Azevedo Pessoa, Francisco"]
[Black "Massimini Gerbino, Massimiliano"]
[Result "1-0"]
[WhiteElo "2338"]
[BlackElo "2369"]
[PlyCount "105"]
[EventDate "2005.??.??"]
[EventType "tourn (corr)"]
[EventRounds "6"]
[SourceTitle "Corr 2008"]
[Source "ChessBase"]
[SourceDate "2008.06.24"]
[SourceVersion "1"]
[SourceVersionDate "2008.06.24"]
[SourceQuality "1"]

1. e4 c5 2. Nf3 Nc6 3. Bb5 g6 4. 0-0 Bg7 5. Nc3 e5 6. d3 Nge7 7. Nd5 0-0 8. Bg5 f6 9. Bc4 Nxd5 10. Bxd5+ Kh8 11. Be3 d6 12. c3 Ne7 13. Bb3 b6 14. d4 cxd4 15. cxd4 Bb7 16. d5 Ba6 17. Re1 Qd7 18. Ba4 Qb7 19. Rc1 Rac8 20. Rxc8 Rxc8 21. h4 Rf8 22. Bd2 Qc8 23. Bc2 Bb7 24. h5 gxh5 25. Re3 Qg4 26. Ra3 Ra8 27. Qe1 Qc8 28. Ba4 Ng6 29. Rc3 Qd8 30. Bb5 h4 31. Kh2 Bc8 32. Ng1 f5 33. Nh3 Bf6 34. Qc1 f4 35. Be2 a5 36. a4 Bd7 37. Qd1 Nf8 38. Bb5 Bxb5 39. axb5 Nd7 40. Rc6 Qe7 41. b3 Rg8 42. Qf3 Qf8 43. Bc3 Rg7 44. Bb2 Kg8 45. Qc3 Bd8 46. Ba3 Rg6 47. Rc8 Kf7 48. Ra8 Qe7 49. Qc8 Rg8 50. Qc6 Rg6 51. Ra7 Ke8 52. Kh1 Rh6 53. Kg1 1-0

[Event "CFriend AM-2004-0-00015 email"]
[Site "Chessfriend.com"]
[Date "2005.02.07"]
[Round "1"]
[White "Azevedo Pessoa, Francisco"]
[Black "Nikel, Bogdan"]
[Result "1/2-1/2"]
[WhiteElo "2338"]
[BlackElo "2289"]
[PlyCount "60"]
[EventDate "2005.??.??"]
[EventType "tourn (corr)"]
[EventRounds "6"]
[SourceTitle "Corr 2024"]
[Source "ChessBase"]
[SourceDate "2023.10.19"]
[SourceVersion "1"]
[SourceVersionDate "2023.10.19"]
[SourceQuality "1"]

1. e4 c5 2. Nf3 Nc6 3. d4 cxd4 4. Nxd4 Nf6 5. Nc3 e5 6. Ndb5 d6 7. Nd5 Nxd5 8. exd5 Nb8 9. c4 Nd7 10. Bg5 f6 11. Be3 a6 12. Na7 f5 13. Nxc8 Rxc8 14. Bd3 g6 15. 0-0 Bg7 16. f3 0-0 17. Rb1 f4 18. Bf2 e4 19. fxe4 Ne5 20. Be2 Nxc4 21. Bg4 Rc7 22. Qe2 Qe7 23. Rbc1 Nxb2 24. Bh4 Bd4+ 25. Kh1 Qg7 26. Be6+ Kh8 27. Rxc7 Qxc7 28. g3 f3 29. Rxf3 Rxf3 30. Qxf3 Kg7 1/2-1/2

[Event "CFriend AM-2004-0-00015 email"]
[Site "Chessfriend.com"]
[Date "2005.02.07"]
[Round "1"]
[White "Azevedo Pessoa, Francisco"]
[Black "Novak, Joze"]
[Result "1/2-1/2"]
[WhiteElo "2338"]
[BlackElo "2303"]
[PlyCount "68"]
[EventDate "2005.??.??"]
[EventType "tourn (corr)"]
[EventRounds "6"]
[SourceTitle "Corr 2024"]
[Source "ChessBase"]
[SourceDate "2023.10.19"]
[SourceVersion "1"]
[SourceVersionDate "2023.10.19"]
[SourceQuality "1"]

1. e4 c5 2. Nf3 d6 3. d4 cxd4 4. Nxd4 Nf6 5. Nc3 a6 6. Be2 e6 7. 0-0 Be7 8. Be3 0-0 9. f4 Qc7 10. Qe1 Nc6 11. Qg3 Bd7 12. Rad1 Nxd4 13. Bxd4 Bc6 14. Bf3 Rac8 15. Kh1 b5 16. e5 dxe5 17. fxe5 Nd7 18. Ne4 Bxe4 19. Bxe4 Bc5 20. c3 f5 21. Bf3 Bxd4 22. cxd4 Nb6 23. Qf2 Rfd8 24. g4 Rf8 25. g5 Qd7 26. g6 h6 27. Rc1 Rfd8 28. Rc5 Qxd4 29. Rxc8 Nxc8 30. Rd1 Qb6 31. Rxd8+ Qxd8 32. Qc5 Qe8 33. Bc6 Qe7 34. b4 Qh4 1/2-1/2

[Event "CFriend AM-2004-0-00015 email"]
[Site "Chessfriend.com"]
[Date "2005.02.07"]
[Round "1"]
[White "Myers, David R"]
[Black "Azevedo Pessoa, Francisco"]
[Result "1/2-1/2"]
[WhiteElo "2406"]
[BlackElo "2338"]
[PlyCount "72"]
[EventDate "2005.??.??"]
[EventType "tourn (corr)"]
[EventRounds "6"]
[SourceTitle "Corr 2024"]
[Source "ChessBase"]
[SourceDate "2023.10.19"]
[SourceVersion "1"]
[SourceVersionDate "2023.10.19"]
[SourceQuality "1"]

1. e4 c5 2. Nf3 Nc6 3. d4 cxd4 4. Nxd4 Nf6 5. Nc3 d6 6. Bg5 e6 7. Qd2 Be7 8. 0-0-0 0-0 9. f4 e5 10. Nf5 Bxf5 11. exf5 Rc8 12. Kb1 Re8 13. g4 h6 14. h4 Nxg4 15. Bh3 Nf6 16. Bxh6 gxh6 17. fxe5 Nxe5 18. Qxh6 Bf8 19. Rhg1+ Nfg4 20. Qf4 Kh7 21. f6 Qxf6 22. Qe4+ Qg6 23. Bxg4 Nxg4 24. Qxg6+ fxg6 25. Rxg4 Re5 26. a4 Rce8 27. Ka2 Kh6 28. Rdd4 Rf5 29. Rd2 a5 30. Nb5 Kh5 31. Rdg2 Re2 32. Rxe2 Kxg4 33. Re6 Kh5 34. Nxd6 Bxd6 35. Rxd6 Rf4 36. Ka3 Rxh4 1/2-1/2

[Event "CFriend AP-2004-Q-00018 email"]
[Site "Chessfriend.com"]
[Date "2004.09.10"]
[Round "1"]
[White "Ermolaev, Andrey Stanislavovi"]
[Black "Azevedo Pessoa, Francisco"]
[Result "1/2-1/2"]
[WhiteElo "2350"]
[BlackElo "2338"]
[PlyCount "88"]
[EventDate "2004.??.??"]
[EventType "tourn (corr)"]
[EventRounds "12"]
[SourceTitle "Corr 2024"]
[Source "ChessBase"]
[SourceDate "2023.10.19"]
[SourceVersion "1"]
[SourceVersionDate "2023.10.19"]
[SourceQuality "1"]

1. e4 c5 2. Nf3 d6 3. d4 cxd4 4. Nxd4 Nf6 5. Nc3 g6 6. Be3 Bg7 7. f3 Nc6 8. Qd2 0-0 9. Bc4 Bd7 10. h4 Rc8 11. Bb3 Ne5 12. 0-0-0 Nc4 13. Bxc4 Rxc4 14. h5 Nxh5 15. g4 Nf6 16. Kb1 Re8 17. Nd5 e5 18. Nxf6+ Qxf6 19. g5 Qe7 20. Nb3 f5 21. Qxd6 Qxd6 22. Rxd6 Ba4 23. exf5 gxf5 24. Bxa7 e4 25. fxe4 Rcxe4 26. Rdd1 Rg4 27. Bd4 Bxb3 28. Bxg7 Kxg7 29. cxb3 Re7 30. Rh2 Kg6 31. Rdh1 f4 32. Rh6+ Kf5 33. Rxh7 Rxh7 34. Rxh7 f3 35. Kc2 Kf4 36. Rxb7 f2 37. Kd2 Kg3 38. Rf7 Rxg5 39. a4 Rd5+ 40. Ke2 Re5+ 41. Kd3 Re1 42. b4 f1Q+ 43. Rxf1 Rxf1 44. b5 Kf4 1/2-1/2

[Event "CFriend AP-2004-Q-00018 email"]
[Site "Chessfriend.com"]
[Date "2004.09.10"]
[Round "1"]
[White "Yukman, Tham"]
[Black "Azevedo Pessoa, Francisco"]
[Result "0-1"]
[WhiteElo "2141"]
[BlackElo "2338"]
[PlyCount "100"]
[EventDate "2004.??.??"]
[EventType "tourn (corr)"]
[EventRounds "12"]
[SourceTitle "Corr 2024"]
[Source "ChessBase"]
[SourceDate "2023.10.19"]
[SourceVersion "1"]
[SourceVersionDate "2023.10.19"]
[SourceQuality "1"]

1. d4 Nf6 2. c4 e6 3. Nf3 b6 4. a3 Bb7 5. Nc3 d5 6. cxd5 exd5 7. Bg5 Be7 8. e3 Nbd7 9. Bd3 0-0 10. 0-0 c5 11. Rc1 h6 12. Bf4 Nh5 13. Be5 Nxe5 14. Nxe5 Nf6 15. Qf3 Bd6 16. Ng4 Nxg4 17. Qxg4 Qf6 18. Nb5 Be7 19. Rfd1 a6 20. Nc3 Rad8 21. Be2 cxd4 22. Rxd4 Bc5 23. Rf4 Qe5 24. Qf5 Qxf5 25. Rxf5 d4 26. exd4 Bxd4 27. g3 g6 28. Rf4 g5 29. Rf5 Bg7 30. Rd1 Rxd1+ 31. Bxd1 Rd8 32. Bb3 Rd7 33. Kf1 Rc7 34. Ke1 Kf8 35. Kd2 Bd4 36. h4 f6 37. Bc2 Kg7 38. hxg5 fxg5 39. f4 Rd7 40. Bb3 g4 41. Ke1 Re7+ 42. Kf1 Bc8 43. Nd5 Bxf5 44. Nxe7 Bd3+ 45. Ke1 Bxb2 46. a4 Bc3+ 47. Kf2 Bd4+ 48. Ke1 Bc5 49. Nd5 h5 50. Bd1 Be4 0-1

[Event "Brazil op"]
[Site "Brazil"]
[Date "2003.??.??"]
[Round "?"]
[White "Gomes de Pinho, Abilio"]
[Black "Azevedo Pessoa, Francisco"]
[Result "0-1"]
[WhiteElo "1700"]
[BlackElo "1990"]
[PlyCount "102"]
[EventDate "2003.??.??"]
[EventType "swiss"]
[EventRounds "7"]
[EventCountry "BRA"]
[SourceTitle "EXT 2007"]
[Source "ChessBase"]
[SourceDate "2006.11.23"]
[SourceVersion "1"]
[SourceVersionDate "2006.11.23"]
[SourceQuality "1"]

1. e4 e6 2. d4 d5 3. Nd2 c5 4. dxc5 Bxc5 5. Nb3 Bb6 6. exd5 exd5 7. Bb5+ Nc6 8. Nf3 Nge7 9. 0-0 0-0 10. Re1 Qd6 11. Be3 Bxe3 12. Rxe3 Bg4 13. h3 Bh5 14. g4 Bg6 15. Qe2 Be4 16. Ng5 f5 17. gxf5 Bxf5 18. c3 Ng6 19. Ne6 Rf6 20. Re1 Bxe6 21. Rxe6 Nf4 22. Rxd6 Nxe2+ 23. Bxe2 Rxd6 24. Bg4 Kf7 25. Nc5 b6 26. Ne6 d4 27. Nc7 Rad8 28. Ne6 Rh8 29. Ng5+ Kg6 30. Ne4 Rd5 31. Be6 Rdd8 32. f4 Rhf8 33. f5+ Kh6 34. Kg2 Ne7 35. Rf1 d3 36. Nd2 g6 37. fxg6 Nxg6 38. Rxf8 Rxf8 39. Kg3 Re8 40. Bg4 Ne5 41. Bd1 Nf7 42. Nc4 b5 43. Nd2 Nd6 44. Bg4 Ne4+ 45. Nxe4 Rxe4 46. Kf2 Kg5 47. Bf3 d2 48. Be2 Kh4 49. Kf3 Re5 50. Kf2 Kxh3 51. b3 Kh4 0-1

[Event "BRA-ch Etapa 9th"]
[Site "Teresina"]
[Date "2002.09.??"]
[Round "4"]
[White "Sampaio, Wellington"]
[Black "Azevedo Pessoa, Francisco"]
[Result "1-0"]
[WhiteElo "2069"]
[BlackElo "1800"]
[PlyCount "85"]
[EventDate "2002.10.03"]
[EventType "swiss"]
[EventRounds "6"]
[EventCountry "BRA"]
[SourceTitle "EXT 2006"]
[Source "ChessBase"]
[SourceDate "2005.11.24"]
[SourceVersion "1"]
[SourceVersionDate "2005.11.24"]
[SourceQuality "1"]

1. d4 Nf6 2. Nf3 g6 3. c4 Bg7 4. Nc3 0-0 5. e4 d6 6. Be2 e5 7. 0-0 Nc6 8. d5 Ne7 9. b4 Ne8 10. c5 f5 11. Ng5 Kh8 12. Bf3 f4 13. Ne6 Bxe6 14. dxe6 Nc6 15. Nd5 Ne7 16. Bb2 Nf6 17. Nxf6 Bxf6 18. Qb3 Nc6 19. Rad1 Qe7 20. Qc4 h5 21. a4 Rfe8 22. cxd6 cxd6 23. b5 Nd4 24. Bxd4 exd4 25. g3 Rac8 26. Qd3 Rc3 27. Qe2 Qxe6 28. gxf4 Rec8 29. e5 dxe5 30. Bxb7 Re8 31. Rfe1 Qc4 32. Qxc4 Rxc4 33. fxe5 Rxe5 34. Rxe5 Bxe5 35. a5 Rb4 36. Bc6 Kg7 37. Kg2 Bc7 38. b6 axb6 39. a6 Bb8 40. Re1 Kf6 41. Re8 Rb3 42. Rxb8 Rh3 43. Rxb6 1-0